Populous Countries Bordering Smaller Countries - Statistics

General Stats
  • This quiz has been taken 113,545 times
    67,166 since last reset
  • The average score is 23 of 30
Answer Stats
Country % Correct
China
95%
France
95%
Italy
93%
India
92%
Spain
92%
Germany
90%
Vatican City
90%
Russia
89%
Andorra
88%
Brazil
88%
San Marino
88%
Monaco
87%
Luxembourg
86%
Bhutan
84%
Suriname
80%
Guyana
79%
Liechtenstein
78%
Switzerland
77%
Austria
75%
Mongolia
75%
Indonesia
70%
Laos
70%
Kyrgyzstan
68%
Tajikistan
68%
Mexico
67%
Estonia
66%
East Timor
63%
Belize
59%
Ethiopia
40%
Djibouti
39%
No matching quizzes found
Score Distribution
Percent of People with Each Score
Percentile by Number Answered
Your Score History
You have not taken this quiz since the last reset